| 000 | 00860nam a2200217 i 4500 | ||
|---|---|---|---|
| 001 | 162800 | ||
| 003 | ES-MaACL | ||
| 005 | 20240523063047.0 | ||
| 008 | 050628s1859 sp |||| | spa d | ||
| 040 |
_aCAM _bspa _cCAM |
||
| 100 | 1 |
_aQuevedo, Francisco de, _d1580-1645 _994591 |
|
| 245 | 1 | 0 |
_aHistoria de la vida del Buscón llamado Don Pablos / _cFrancisco de Quevedo Villegas. |
| 260 |
_aMadrid : _bBiblioteca de la Instrucción Universal, _c1859. |
||
| 300 |
_a125 p. ; _c17 cm. |
||
| 490 | 1 |
_aInstrucción Universal. 2. Literatura antigua ; _v4 |
|
| 594 | _aPrecede al tit.. Prosistas españoles. | ||
| 598 | _aDatos de la serie constan en la cub. | ||
| 830 | 0 |
_aInstrucción Universal. 2. Literatura antigua ; _v4 _9222222 |
|
| 852 |
_aES-MaACL _jFol-Laf-471 _z-- Rúst. _z-- Sello: Legado M. de la Fuente |
||
| 999 |
_c162800 _d162800 |
||